000 00478nam a2200181Ia 4500
003 GCL
008 140319s9999 xx 000 0 eng d
040 _aGCL /
_cGCL
082 0 4 _a820
_bL C
100 1 _aLESSING, DORIS
245 1 0 _aTHE CAMBRIDGE GUIDE TO LITERATURE IN ENGLISH /
_cLESSING, DORIS
700 1 _aOUSBY, LAN
260 _a[S.N] :
_bCOMBRIDGE UNIVERSIY ،
_c1993
300 _a1054
650 0 4 _aENGLISH LITERATURE
650 0 4 _aLITERATURE
942 _2ddc
_cBK
999 _c19333
_d19333